Las cámaras artísticas y maravillosas del Renacimiento tardío: una contribucción a la historia del coleccionismo
Gespeichert in:
| 1. Verfasser: | |
|---|---|
| Format: | Buch |
| Sprache: | Spanisch |
| Veröffentlicht: |
Madrid
Akal
1988
|
| Ausgabe: | 2a. ed |
| Schriftenreihe: | Akal Universitaria, 114
|
| Schlagworte: | |
| Tags: |
Tag hinzufügen
Keine Tags, Fügen Sie den ersten Tag hinzu!
|
MARC
| LEADER | 00000cam a2200000 a 4500 | ||
|---|---|---|---|
| 001 | UCE4870 | ||
| 003 | CL-VaPUC | ||
| 008 | 141113e19880000sp |||||||||||||||||spa|d | ||
| 082 | 0 | 4 | |a 709.0341 |b VON |2 21 |
| 100 | 0 | |a Von Schlosser, Julius |e author |9 577330 | |
| 245 | 1 | 4 | |a Las cámaras artísticas y maravillosas del Renacimiento tardío: una contribucción a la historia del coleccionismo |
| 250 | |a 2a. ed | ||
| 300 | |a 267 p | ||
| 942 | |c BK | ||
| 945 | |d 20141113 14:00:00 |a arojas | ||
| 260 | |a Madrid |b Akal |c 1988 | ||
| 650 | 0 | |a Arte |9 265238 | |
| 650 | 0 | |a Arte renacentista |9 264949 | |
| 583 | |a last modification |c 20141113 14:00:00 |k Rodrigo Vera | ||
| 490 | 0 | |a Akal Universitaria, 114 | |
| 999 | |c 357728 |d 357726 | ||
| 952 | |0 0 |1 0 |3 erb |4 0 |6 709_034100000000000_VON_1988 |7 0 |8 A |9 465778 |a BIBART |b BIBART |i 5124913 |o 709.0341 VON 1988 |p 5124913 |r 2025-03-13 |w 2019-11-23 |y BK |z Catalogado en:20141113 |k ART | ||